000 00364 a2200121 4500
001 ART_12763
005 20260410161733.0
008 260409a
245 1 0 _aLos más y los menos de la coyuntura económica
100 1 _aArtana, Daniel
700 1 _aBlasco, Eduardo
773 0 _tEjecutivos de finanzas
_g- Año 6, Nº 46 (jun. 1988)
_wREV2863
999 _c18013
_d18013